000 00841nab a2200253 u 4500
001 16878
003 HDC
007 cr bn ---aaaaa
008 210222c20091222xx dr|noo 0 a eng d
040 _aHDC
100 _aHills, Sarah
_eauthor
_916525
245 0 _aLocal Food Campaign back small UK enterprises / by
_cSarah Hills
260 _a[No place] :
_b[publisher not identified],
_c2009
336 _atext
_2rdacontent
337 _acomputer
_2rdamedia
338 _aonline resource
_2rdacarrier
650 _afood enterprises
_916526
650 _aLocal Food
_912453
710 _aHalal Focus
856 _zRequest full-text at [email protected]
942 _2lcc
942 _cNEWS
942 _kNWSO 005785
999 _c14194
_d14194